<?xml version="1.0" encoding="UTF-8"?>
<record
    xmlns:xsi="http://www.w3.org/2001/XMLSchema-instance"
    xsi:schemaLocation="http://www.loc.gov/MARC21/slim http://www.loc.gov/standards/marcxml/schema/MARC21slim.xsd"
    xmlns="http://www.loc.gov/MARC21/slim">

  <leader>00945nam a22001937a 4500</leader>
  <controlfield tag="005">20260205120027.0</controlfield>
  <datafield tag="010" ind1=" " ind2=" ">
    <subfield code="a">HIN-131042</subfield>
  </datafield>
  <datafield tag="020" ind1=" " ind2=" ">
    <subfield code="a">9789349162914</subfield>
    <subfield code="c">425.00</subfield>
  </datafield>
  <datafield tag="035" ind1=" " ind2=" ">
    <subfield code="a">HN-103388</subfield>
  </datafield>
  <datafield tag="037" ind1=" " ind2=" ">
    <subfield code="b">DBAD</subfield>
  </datafield>
  <datafield tag="082" ind1=" " ind2=" ">
    <subfield code="a">820.8</subfield>
  </datafield>
  <datafield tag="100" ind1=" " ind2=" ">
    <subfield code="a">&#x935;&#x93E;&#x91C;&#x92A;&#x947;&#x92F;&#x940;, &#x905;&#x936;&#x94B;&#x915; </subfield>
    <subfield code="9">87143</subfield>
  </datafield>
  <datafield tag="245" ind1=" " ind2=" ">
    <subfield code="a">&#x905;&#x901;&#x927;&#x947;&#x930;&#x947; &#x92E;&#x947;&#x902; &#x91C;&#x932;&#x924;&#x93E; &#x90F;&#x915; &#x91A;&#x93F;&#x930;&#x93E;&#x917; :</subfield>
    <subfield code="c">&#x905;&#x936;&#x94B;&#x915; &#x935;&#x93E;&#x91C;&#x92A;&#x947;&#x92F;&#x940; ; &#x930;&#x935;&#x93F;&#x915;&#x93E;&#x902;&#x924; &#x926;&#x94D;&#x935;&#x93E;&#x930;&#x93E; &#x938;&#x902;&#x92A;&#x93E;&#x926;&#x93F;&#x924; </subfield>
    <subfield code="b">&#x938;&#x93E;&#x939;&#x93F;&#x924;&#x94D;&#x92F;, &#x938;&#x902;&#x938;&#x94D;&#x915;&#x943;&#x924;&#x93F; , &#x930;&#x93E;&#x91C;&#x928;&#x940;&#x924;&#x93F; &#x935;&#x94D;&#x92F;&#x93E;&#x916;&#x94D;&#x92F;&#x93E;&#x928; /</subfield>
  </datafield>
  <datafield tag="260" ind1=" " ind2=" ">
    <subfield code="a">&#x926;&#x93F;&#x932;&#x94D;&#x932;&#x940; </subfield>
    <subfield code="b">&#x930;&#x93E;&#x91C;&#x92A;&#x93E;&#x932; &#x90F;&#x923;&#x94D;&#x921; &#x938;&#x928;&#x94D;&#x91C;</subfield>
    <subfield code="c">2026</subfield>
  </datafield>
  <datafield tag="270" ind1=" " ind2=" ">
    <subfield code="a">1590, &#x92E;&#x926;&#x930;&#x938;&#x93E; &#x930;&#x94B;&#x921;, &#x915;&#x936;&#x94D;&#x92E;&#x940;&#x930;&#x940; &#x917;&#x947;&#x91F;,</subfield>
    <subfield code="b">&#x926;&#x93F;&#x932;&#x94D;&#x932;&#x940; </subfield>
    <subfield code="e">110006</subfield>
  </datafield>
  <datafield tag="300" ind1=" " ind2=" ">
    <subfield code="a">192&#x92A;&#x943;.</subfield>
    <subfield code="c">22&#x938;&#x947;&#x92E;&#x940;(&#x905;&#x91C;&#x93F;&#x932;&#x94D;&#x926;}</subfield>
  </datafield>
  <datafield tag="700" ind1=" " ind2=" ">
    <subfield code="a">&#x930;&#x935;&#x93F;&#x915;&#x93E;&#x902;&#x924; </subfield>
    <subfield code="9">87144</subfield>
  </datafield>
  <datafield tag="942" ind1=" " ind2=" ">
    <subfield code="2">ddc</subfield>
    <subfield code="c">HN</subfield>
    <subfield code="h">820.8</subfield>
    <subfield code="m">&#x935;&#x93E;&#x91C;&#x92A;&#x947;</subfield>
  </datafield>
  <datafield tag="999" ind1=" " ind2=" ">
    <subfield code="c">214703</subfield>
    <subfield code="d">214703</subfield>
  </datafield>
  <datafield tag="952" ind1=" " ind2=" ">
    <subfield code="0">0</subfield>
    <subfield code="1">0</subfield>
    <subfield code="4">0</subfield>
    <subfield code="7">0</subfield>
    <subfield code="8">NFIC</subfield>
    <subfield code="a">RC3AN</subfield>
    <subfield code="b">RC3AN</subfield>
    <subfield code="d">2026-02-05</subfield>
    <subfield code="e">DBAD</subfield>
    <subfield code="g">425.00</subfield>
    <subfield code="l">0</subfield>
    <subfield code="o">820.8 &#x935;&#x93E;&#x91C;&#x92A;&#x947;</subfield>
    <subfield code="p">HN-103388</subfield>
    <subfield code="r">2026-02-05 00:00:00</subfield>
    <subfield code="t">1</subfield>
    <subfield code="v">425.00</subfield>
    <subfield code="w">2026-02-05</subfield>
    <subfield code="y">HN</subfield>
  </datafield>
</record>
